000 00525nam a2200181 4500
003 LK-CoDNM
005 20240201111316.0
008 240201b |||||||| |||| 00| 0 eng d
020 _a9786240010238
040 _aLK-CoDNM
_dLK-CoDNM
_eLK-CoDNM
041 _asin
080 _a954.3
_bRAT
100 _aරතනසාර,කවුඩාගම්මන
245 _aබැමිණිතියා මහාසාගතය
260 _aColombo
_bS.Godage Saha Sahodarayo
_c2022
300 _a112p.,21cm
942 _n0
_cBK
999 _c144721
_d144721